Catholic University of Zimbabwe Library
Online Public Access Catalogue
(OPAC)

There shall be one Christ, (Record no. 44899)

MARC details
000 -LEADER
fixed length control field 00793nam a22002291 4500
001 - CONTROL NUMBER
control field 3120106
008 - FIXED-LENGTH DATA ELEMENTS--GENERAL INFORMATION
fixed length control field 681210s1968 nyu b 000 0 eng
010 ## - LIBRARY OF CONGRESS CONTROL NUMBER
LC control number 68007926
040 ## - CATALOGING SOURCE
Original cataloging agency DLC
Transcribing agency CUZ
Modifying agency CUZ
Language of cataloging eng
Description conventions rda
050 00 - LIBRARY OF CONGRESS CALL NUMBER
Classification number B2430
Item number THE
245 10 - TITLE STATEMENT
Title There shall be one Christ,
Statement of responsibility, etc. edited by Michael D. Meilach.
264 ## - PRODUCTION, PUBLICATION, DISTRIBUTION, MANUFACTURE, AND COPYRIGHT NOTICE
Place of production, publication, distribution, manufacture Saint Bonaventure, N.Y.,
Name of producer, publisher, distributor, manufacturer Franciscan Institute, Saint Bonaventure University,
Date of production, publication, distribution, manufacture, or copyright notice 1968.
300 ## - PHYSICAL DESCRIPTION
Extent viii, 85 pages.
Dimensions 23 cm.
500 ## - GENERAL NOTE
General note Cover has subtitle: A collection of essays on Teilhard de Chardin.
600 20 - SUBJECT ADDED ENTRY--PERSONAL NAME
Personal name Teilhard de Chardin, Pierre.
942 ## - ADDED ENTRY ELEMENTS (KOHA)
Koha item type OS Book
336 ## - CONTENT TYPE
Content type term text
Content type code txt
337 ## - MEDIA TYPE
Media type term unmediated
Media type code n
338 ## - CARRIER TYPE
Source rdacarrier
Holdings
Withdrawn status Lost status Source of classification or shelving scheme Damaged status Not for loan Collection code Home library Current library Shelving location Date acquired Source of acquisition Inventory number Total Checkouts Full call number Barcode Date last seen Price effective from Koha item type
          Non-fiction CUZ Harare Campus CUZ Harare Campus Open Shelf 03.10.2023 Donation CUZ15900   B2430 THE BK009923 03.10.2023 03.10.2023 OS Book

OPENING HOURS

Weekdays: 0815hrs - 1800hrs
Weekends:0900hrs - 1200hrs

Closed for Mass:

Mon, Thur: 1200hrs - 1300hrs
Sunday & Public Holiday’s

CALL SUPPORT

0242-570570, 0242-570169
09200664, +263 8644140602

LOCATION

18443, Cranborne Avenue, Hatfield, Harare

Other Links


©2021 | CUZ Library